000 00531nam a2200157 a 4500
001 000035165
005 20200930074140.0
008 111025s1893 sp 000 0 spa d
040 _aDO-SdBNP
_bspa
_cBNPHU
082 _axxxx
100 1 _aRamírez Cumbreras, Ramón.
_960889
245 1 4 _aLos glotones :
_bzarzuela en un acto y en verso /
_cletra de Ramón Ramírez Cumbreras ; música del maestro Manuel Chalons.
260 _aMadrid :
_bR. Velasco,
_c1893.
300 _a36 p. ;
_c21 cm.
700 1 _aChalons, Manuel,
_emús.
_960788
999 _c34656
_d34656